=LDR 00000nam 2200000 4500 =001 INLIS000000000021927 =005 20130612120734 =008 ***********************************Ind** =035 ##$$a0010-061300000021927 =041 ##$$a Ind =082 ##$$a 810 =090 ##$$a 810, Dar p =100 ##$$a Darjowijoyo, Sunyono =245 ##$$a Psikolinguistik, Pengantar pemahaman bahasa manusia, Sunyono Darjowijoyo =260 ##$$a Yayasan Obor Indonesia $b Jakarta =300 ##$$a xi, 340 hlm, ilus, 21 cm =650 ##$$a Bahasa Indonesia =850 ##$$a NBPNMAT =990 ##$$a 92795/BPAP-NTB/2014